Last Names of Kpop Idol? - Statistics

General Stats
  • This quiz has been taken 4,325 times
  • The average score is 18 of 24
Answer Stats
Hint Answer % Correct
Eli Kim
97%
Taeyeon kim
97%
Hyuna Kim
97%
Jaejoong Kim
97%
JungMin (ss501) Park
94%
Jimin(BTS) Park
94%
Jiyeon (t-ara) Park
94%
Thunder park
94%
Ji yoon park
94%
Taemin lee
88%
Sunny (Snsd) lee
88%
Jungkook Jeon
85%
Suga Min
82%
T.O.P choi
71%
G.NA choi
71%
Minho (shinee) choi
71%
Daehyun Jung
60%
D.O Do
59%
Sehun oh
57%
Baekhyun Byun
54%
Kris Wu
53%
Youngjae Yoo
35%
Yongguk bang
33%
Jongup Moon
23%
No matching quizzes found
Score Distribution
Percent of People with Each Score
Percentile by Number Answered
Your Score History
You have not taken this quiz